LEADER 00939nam0-22003371i-450- 001 990003204040403321 010 $a0-521-26912-1 035 $a000320404 035 $aFED01000320404 035 $a(Aleph)000320404FED01 035 $a000320404 100 $a20000920d1986----km-y0itay50------ba 101 0 $aeng 102 $aIT 200 1 $aStatistical Foundations of Econometric Modelling$fAris Spanos$gwith a foreword by David Hendry. 205 $a1. ed. 210 $aCambridge$cCambridge University Press$d1986. 215 $aXXIII, 695 p.$d22 cm 610 0 $aEconometria 610 0 $aStatistica 676 $aB/1.2 676 $aB/3.1 676 $aB/3.2 700 1$aSpanos,$bAris$0128131 801 0$aIT$bUNINA$gRICA$2UNIMARC 901 $aBK 912 $a990003204040403321 952 $aB/3.2 SPA$b5763$fSES 959 $aSES 996 $aStatistical Foundations of Econometric Modelling$9454574 997 $aUNINA